000 00340nam a2200145Ia 4500
100 _aSiegel/ H..J.
942 _cBK
654 _aComputer
245 _aInte connections networks for large scale parallel processing
260 _bMc Graw Hill
_aNew York
_c1992
082 _a621.3851
300 _a390
546 _aENGLISH
999 _c34547
_d34547